| 000 | 01500pam a2200349 a 4500 | ||
|---|---|---|---|
| 999 |
_c174496 _d174496 |
||
| 001 | 13754630 | ||
| 003 | Nust | ||
| 005 | 20180118110450.0 | ||
| 008 | 041019s2004 gw a b 001 0 eng d | ||
| 010 | _a 2004303465 | ||
| 015 |
_aGBA4X5640 _2bnb |
||
| 020 | _a3527306943 | ||
| 035 | _a(OCoLC)ocm56448982 | ||
| 040 |
_aUKM _cUKM _dOHX _dDLC |
||
| 042 | _alccopycat | ||
| 050 | 0 | 0 |
_aQC174.9 _b.J33 2004 |
| 082 | 0 | 0 |
_a530.44 _222 |
| 100 | 1 | _aJackson, Kenneth A. | |
| 245 | 1 | 0 |
_aKinetic processes : _bcrystal growth, diffusion, and phase transitions in materials / _cKenneth A. Jackson. |
| 260 |
_aWeinheim ; _a[Chichester] : _bWiley-VCH, _cc2004. |
||
| 300 |
_axv, 409 p. : _bill. ; _c25 cm. |
||
| 504 | _aIncludes bibliographical references and index. | ||
| 650 | 0 | _aKinetic theory of matter. | |
| 650 | 0 | _aPhase transformations (Statistical physics) | |
| 856 | 4 | 1 |
_3Table of contents only _uhttp://www.loc.gov/catdir/toc/wiley051/2004303465.html |
| 856 | 4 | 2 |
_3Contributor biographical information _uhttp://www.loc.gov/catdir/enhancements/fy0620/2004303465-b.html |
| 856 | 4 | 2 |
_3Publisher description _uhttp://www.loc.gov/catdir/enhancements/fy0620/2004303465-d.html |
| 906 |
_a7 _bcbc _ccopycat _d2 _encip _f20 _gy-gencatlg |
||
| 942 |
_2ddc _cBK |
||